000 00826nam a2200253 i 4500
001 C2-0227491
003 PPAK
005 20180728154920.0
008 000725s1995 enka|||| ||||| | eng d
020 _a0349106533
040 _aPPAK
_beng
_cPPAK
_erda
082 0 4 _a968.064092
_223
090 0 0 _a968.064092
_bMAN
_dG
100 1 _aMandela, Nelson,
_eauthor
245 1 0 _aLong walk to freedam :
_bthe autobiography of Nelson Mandela
264 1 _aLondon :
_bAn Abacus Book ,
_c1995
300 _ax, 768 pages :
_billustrations ;
_c20 cm
336 _2rdacontent
_atext
337 _2rdamedia
_aunmediated
338 _2rdacarrier
_avolume
500 _aIncludes index
650 1 0 _aMandela, Nelson, 1918- ; Presidents - South Africa - Biography ; South Africa - Politics and government - 1948-1994
942 _ddc
_cB
999 _c147572
_d147572